Únavové vlastnosti zvarových spojov nitrooxidačne upravených plechov : dizertačná práca

Salvato in:
Dettagli Bibliografici
Autore principale: Jančár, Jaroslav, 1985- (Autore)
Altri autori: Marônek, Milan, 1961- (Relatore della tesi)
Natura: Manoscritto Libro
Lingua:slovacco
Pubblicazione: Trnava : STU v Bratislave MTF UVTE, 2013
Soggetti:
Accesso online:VAIS
Tags: Aggiungi Tag
Nessun Tag, puoi essere il primo ad aggiungerne!!

MARC

LEADER 00000ntm a22000003a 4500
001 stu273858
005 20150617230235.7
008 130905s2013----xo------------------slo-d
040 |a STU  |b slo 
041 0 |a slo 
044 |a xo 
100 1 |a Jančár, Jaroslav,  |d 1985-  |4 aut  |u M3000  |U MTF Materiálovotechnologická fakulta  |T MTF Ústav výrobných technológií  |X 24199  |U M3000  |Y 83  |7 A000024199 
242 0 0 |a Fatigue properties of weld joints of steel sheets treated by nitrooxidation  |y eng 
245 1 |a Únavové vlastnosti zvarových spojov nitrooxidačne upravených plechov :  |b dizertačná práca 
260 |a Trnava :  |b STU v Bratislave MTF UVTE,  |c 2013 
300 |a 153 s  |c príl 
500 |a Názov študijného odboru: 5.2.7 strojárske technológie a materiály 
500 |a Číslo študijného odboru: 2307 
500 |a Študijný program: strojárske technológie a materiály 
650 7 |a strojárske technológie a materiály  |2 stusub 
650 7 |a Machine Technologies and Materials  |2 estusub 
650 7 |a laser welding  |2 estusub 
650 7 |a nitrooxidation  |2 estusub 
650 7 |a fraktografická analýza  |2 stusub 
650 7 |a laserové zváranie  |2 stusub 
650 7 |a nitrooxidácia  |2 stusub 
650 7 |a únava materiálov  |2 stusub 
700 1 |a Marônek, Milan,  |d 1961-  |4 ths  |u M3000  |U MTF Materiálovotechnologická fakulta  |T MTF Ústav výrobných technológií  |X 290  |U M3000  |Y 83  |7 A000000290 
856 4 |a info a plný text  |u http://is.stuba.sk/zp/portal_zp.pl?podrobnosti=78544  |3 VAIS 
996 |c M*DzP-389  |l MMSKP  |s P  |a 0  |w stu273858_0001